Cuentas financieras de Colombia 1970-1988 / (Registro nro. 11896)
[ vista simple ]
| 000 -LEADER | |
|---|---|
| fixed length control field | 00964nam a2200229Ia 4500 |
| 003 - CONTROL NUMBER IDENTIFIER | |
| control field | OSt |
| 005 - DATE AND TIME OF LATEST TRANSACTION | |
| control field | 20210604134155.0 |
| 008 - FIXED-LENGTH DATA ELEMENTS--GENERAL INFORMATION | |
| fixed length control field | 210310s1992 ck a gr 000 0 spa d |
| 040 ## - CATALOGING SOURCE | |
| Original cataloging agency | CO-JMCR |
| Transcribing agency | CO-JMCR |
| 041 0# - LANGUAGE CODE | |
| Language code of text/sound track or separate title | spa |
| 082 04 - DEWEY DECIMAL CLASSIFICATION NUMBER | |
| Classification number | 332.021 / |
| Item number | B157e |
| Edition number | 23 |
| 110 2# - MAIN ENTRY--CORPORATE NAME | |
| Corporate name or jurisdiction name as entry element | Banco de la Republica |
| 9 (RLIN) | 14538 |
| 245 #0 - TITLE STATEMENT | |
| Title | Cuentas financieras de Colombia 1970-1988 / |
| Statement of responsibility, etc. | Banco de la Republica |
| 260 ## - PUBLICATION, DISTRIBUTION, ETC. | |
| Place of publication, distribution, etc. | Bogotá : |
| Name of publisher, distributor, etc. | Departamento de Investigaciones económicas del Banco de la Republica, |
| Date of publication, distribution, etc. | 1992 |
| 300 ## - PHYSICAL DESCRIPTION | |
| Extent | 178 páginas : |
| Other physical details | ilustraciones y gráficas a color ; |
| Dimensions | 21 x 27 cm. |
| 501 ## - WITH NOTE | |
| With note | Con: notas a pie de página. |
| 505 ## - FORMATTED CONTENTS NOTE | |
| Formatted contents note | Equilibrio económico general. -- Cuentas financieras consolidadas. -- Cuentas financieras no consolidadas. -- Operaciones financieras no consolidadas. -- Matrices de financiación. |
| 650 14 - SUBJECT ADDED ENTRY--TOPICAL TERM | |
| Topical term or geographic name entry element | Cuentas financieras. |
| 9 (RLIN) | 38145 |
| 650 24 - SUBJECT ADDED ENTRY--TOPICAL TERM | |
| Topical term or geographic name entry element | Económica general |
| 9 (RLIN) | 38146 |
| 650 24 - SUBJECT ADDED ENTRY--TOPICAL TERM | |
| Topical term or geographic name entry element | Operaciones financieras |
| 9 (RLIN) | 36694 |
| 942 ## - ADDED ENTRY ELEMENTS (KOHA) | |
| Source of classification or shelving scheme | Dewey Decimal Classification |
| Koha item type | Books |
| Withdrawn status | Lost status | Source of classification or shelving scheme | Damaged status | Not for loan | Home library | Current library | Shelving location | Date acquired | Source of acquisition | Full call number | Barcode | Date last seen | Copy number | Price effective from | Koha item type |
|---|---|---|---|---|---|---|---|---|---|---|---|---|---|---|---|
| Dewey Decimal Classification | Biblioteca Pública José María del Castillo y Rada | Biblioteca Pública José María del Castillo y Rada | General Stacks | 04/15/2018 | Donación | 332.021 / B157e | 430003076 | 05/16/2024 | Ej.1 | 03/10/2021 | Books |